[Event "France - Open A"]
[Site "Chartres"]
[Date "2019.08.24"]
[Round "8.12"]
[White "Weill, Roland"]
[Black "Grandy, Aurelien"]
[Result "1-0"]
[WhiteElo "2146"]
[BlackElo "2032"]
[PlyCount "119"]
[EventDate "2019.08.??"]
[EventType "swiss"]
[EventRounds "9"]
[EventCountry "FRA"]
[WhiteTeam "Echiquier Centre Vaucluse "]
[BlackTeam "Avinkha Club d'Echecs"]

1. Nf3 Nf6 2. b3 g6 3. Bb2 Bg7 4. e3 c5 5. c4 b6 6. Be2 Bb7 7. O-O O-O 8. d4
cxd4 9. Nxd4 Nc6 10. Nc3 Nxd4 11. Qxd4 d5 12. Nxd5 Bxd5 13. cxd5 Qxd5 14. Bf3
Qxd4 15. Bxd4 Rac8 16. Rac1 Nd7 17. Bxg7 Kxg7 18. Rfd1 Ne5 19. Be2 Rfd8 20.
Rxc8 Rxc8 21. f4 Rc2 22. Kf1 Nc6 23. Bf3 e6 24. Rd7 Kf8 25. Bxc6 Rxc6 26. Rxa7
Rc2 27. Kg1 Re2 28. Ra6 Rb2 29. e4 h5 30. h4 b5 31. e5 Ke7 32. Ra7+ Ke8 33. Ra5
Kd7 34. Rxb5 Rxa2 35. Rb7+ Ke8 36. b4 Rb2 37. b5 Kf8 38. g3 Ke8 39. b6 Rb3 40.
Kg2 Rb2+ 41. Kf1 Kf8 42. Ke1 Ke8 43. Kd1 Rb5 44. Kc2 Rc5+ 45. Kb3 Rc1 46. Kb4
Rb1+ 47. Kc5 Rc1+ 48. Kd6 Rd1+ 49. Kc7 Rc1+ 50. Kb8 Rb1 51. Kc8 Rb3 52. Kc7
Rxg3 53. Ra7 Rc3+ 54. Kd6 Rd3+ 55. Kc5 Rc3+ 56. Kb4 Rc1 57. b7 Rb1+ 58. Kc5 Kd8
59. Ra8+ Kc7 60. b8=Q+ 1-0

[Event "France - Open A"]
[Site "Chartres"]
[Date "2019.08.24"]
[Round "8.13"]
[White "Bordais, Benjamin"]
[Black "Anes, Emmanuel"]
[Result "1-0"]
[WhiteElo "2137"]
[BlackElo "2014"]
[PlyCount "65"]
[EventDate "2019.08.??"]
[EventType "swiss"]
[EventRounds "9"]
[EventCountry "FRA"]
[WhiteTeam "A.C.L. Orbec Echecs"]
[BlackTeam "L'Echiquier du Lac Enghien"]

1. e4 g6 2. d4 Bg7 3. Nc3 d6 4. Be3 a6 5. Qd2 b5 6. a3 Nd7 7. f3 Bb7 8. g4 h5
9. gxh5 Rxh5 10. Nge2 e6 11. Ng3 Rh8 12. a4 b4 13. Nd1 c5 14. c3 Qa5 15. cxb4
cxb4 16. b3 d5 17. Nb2 Ne7 18. Bg2 Rc8 19. O-O Rc3 20. Nd3 Nc6 21. exd5 Nxd4
22. dxe6 Nxe6 23. Rad1 Bc6 24. Nf4 Nxf4 25. Bxf4 Qc5+ 26. Kh1 Rc2 27. Rfe1+ Kd8
28. Qd3 Qf2 29. Ne2 Qc5 30. Rc1 Rxc1 31. Rxc1 Qd5 32. Qxa6 Rh5 33. Qxc6 1-0

[Event "France - Open A"]
[Site "Chartres"]
[Date "2019.08.24"]
[Round "8.14"]
[White "Muller, Matthieu"]
[Black "L'Huillier, Thibaud"]
[Result "0-1"]
[WhiteElo "1953"]
[BlackElo "2093"]
[PlyCount "144"]
[EventDate "2019.08.??"]
[EventType "swiss"]
[EventRounds "9"]
[EventCountry "FRA"]
[WhiteTeam "Mulhouse Philidor"]
[BlackTeam "Club d'Echecs de Saint-Maur"]

1. e4 c6 2. d4 d5 3. exd5 cxd5 4. c4 g6 5. Nc3 Bg7 6. cxd5 Nf6 7. Bc4 O-O 8.
Nge2 Nbd7 9. Nf4 Nb6 10. Bb3 Bf5 11. O-O Ne4 12. g4 Nxc3 13. bxc3 Bd7 14. c4
Qc8 15. c5 Bxg4 16. f3 Bf5 17. cxb6 Qc3 18. Bd2 Qxd4+ 19. Kg2 Be5 20. Ne2 Qh4
21. f4 Bh3+ 22. Kh1 Bxa1 23. Qxa1 Bxf1 24. Qxf1 axb6 25. Qg1 Qh5 26. Ng3 Qf3+
27. Qg2 Qxg2+ 28. Kxg2 Rfd8 29. Ne4 Rac8 30. Be3 f5 31. Ng5 Rd6 32. Bd4 h6 33.
Ne6 Kh7 34. Be5 Rd7 35. Kf2 g5 36. fxg5 hxg5 37. Nxg5+ Kg6 38. Ne6 b5 39. Ke3
b6 40. Kd4 Ra7 41. Nf4+ Kg5 42. Ne6+ Kg6 43. Nf4+ Kg5 44. Ne2 Kg4 45. Bg3 Ra3
46. Ke5 Rc4 47. Nd4 f4 48. Bxf4 Rxd4 49. Kxd4 Kxf4 50. d6 Ra7 51. dxe7 Rxe7 52.
Kd5 Rc7 53. Kd6 Rc5 54. Be6 Rh5 55. h3 Ke4 56. Bd7 Kd4 57. Kc6 Kc4 58. Kxb6 b4
59. Be6+ Kc3 60. Kc6 Rh6 61. Kd5 Kb2 62. Ke5 Rxe6+ 63. Kxe6 Kxa2 64. h4 b3 65.
h5 b2 66. Kf6 b1=Q 67. Kg7 Qb7+ 68. Kg6 Qc6+ 69. Kg7 Qd7+ 70. Kg6 Qe8+ 71. Kg5
Qg8+ 72. Kh6 Qh8+ 0-1

[Event "France - Open A"]
[Site "Chartres"]
[Date "2019.08.24"]
[Round "8.15"]
[White "Labandibar, Benoit"]
[Black "Spitz, Christophe"]
[Result "1-0"]
[WhiteElo "2059"]
[BlackElo "2147"]
[PlyCount "65"]
[EventDate "2019.08.??"]
[EventType "swiss"]
[EventRounds "9"]
[EventCountry "FRA"]
[WhiteTeam "MJC Chécy"]
[BlackTeam "U.S. Orléans.Echecs"]

1. d4 Nf6 2. c4 e5 3. dxe5 Ng4 4. Bf4 Nc6 5. Nf3 Bb4+ 6. Nc3 Qe7 7. Rc1 Ngxe5
8. Nxe5 Nxe5 9. a3 Bxc3+ 10. Rxc3 O-O 11. g3 d6 12. Bg2 Ng6 13. Bc1 c6 14. h4
Be6 15. b3 h6 16. Bb2 Rfd8 17. Re3 Qd7 18. Qd4 f6 19. g4 Bxg4 20. Rg3 Ne5 21.
Rg1 Re8 22. f4 c5 23. Qc3 Nf7 24. Bf3 h5 25. Bxg4 hxg4 26. Rxg4 Qe6 27. R1g2
Kf8 28. Rxg7 Qf5 29. Qxf6 Qxf6 30. Bxf6 Nh6 31. Rxb7 Nf5 32. Rg5 Ne7 33. Rg7
1-0

[Event "France - Open A"]
[Site "Chartres"]
[Date "2019.08.24"]
[Round "8.16"]
[White "Gourbiere, Yohan"]
[Black "Bernard, Jacques"]
[Result "1-0"]
[WhiteElo "2040"]
[BlackElo "2140"]
[PlyCount "115"]
[EventDate "2019.08.??"]
[EventType "swiss"]
[EventRounds "9"]
[EventCountry "FRA"]
[WhiteTeam "Echecs Club Montpellier"]
[BlackTeam "Evry Grand Roque"]

1. e4 c5 2. Nf3 Nc6 3. Bb5 g6 4. Bxc6 dxc6 5. Nc3 Bg7 6. h3 e5 7. d3 Qe7 8. Be3
Nf6 9. Qd2 Nd7 10. Bh6 f6 11. Bxg7 Qxg7 12. Ng1 Nf8 13. Nge2 Ne6 14. f4 O-O 15.
O-O Bd7 16. Rf3 Qh6 17. Raf1 b6 18. b3 Rae8 19. Qe1 Nd4 20. Nxd4 exd4 21. Nb1
f5 22. Nd2 Be6 23. Qf2 Kh8 24. Re1 Qh5 25. Re2 Bf7 26. Qe1 Re7 27. Nc4 Bxc4 28.
bxc4 Rfe8 29. e5 g5 30. Qg3 h6 31. Re1 g4 32. hxg4 fxg4 33. Rff1 Qf5 34. Qh4
Kh7 35. g3 b5 36. cxb5 cxb5 37. Qh1 c4 38. Qe4 Kg6 39. Qxf5+ Kxf5 40. Re4 Rd8
41. Rf2 Rd5 42. Rh2 Kg6 43. Re1 h5 44. Rd1 c3 45. Kg2 b4 46. Rb1 Ra5 47. Ra1
Rh7 48. Rhh1 Kf5 49. Rhe1 h4 50. gxh4 Rxh4 51. Re4 Rd5 52. e6 Rh8 53. e7 Re8
54. Rae1 a5 55. Kg3 Rd7 56. Re6 Rd5 57. Ra6 Rb5 58. Ree6 1-0

[Event "France - Open A"]
[Site "Chartres"]
[Date "2019.08.24"]
[Round "8.17"]
[White "Roux, Baptiste"]
[Black "Llapasset, Jean-Louis"]
[Result "0-1"]
[WhiteElo "2130"]
[BlackElo "2050"]
[PlyCount "52"]
[EventDate "2019.08.??"]
[EventType "swiss"]
[EventRounds "9"]
[EventCountry "FRA"]
[WhiteTeam "Corsica Chess Club"]
[BlackTeam "Echiquier Diabolique de Canohes"]

1. e4 c5 2. Nc3 d6 3. d4 cxd4 4. Qxd4 e5 5. Qd2 Nf6 6. b3 Nc6 7. Bb2 Be6 8.
O-O-O Be7 9. Kb1 O-O 10. f3 h5 11. Nge2 a5 12. g3 a4 13. Bg2 axb3 14. axb3 Qa5
15. f4 Nb4 16. Nc1 Rfc8 17. Nd3 d5 18. exd5 Nbxd5 19. Nxd5 Qa2+ 20. Kc1 Bxd5
21. fxe5 Bxb3 22. c3 Ba3 23. Qe2 Rxc3+ 24. Kd2 Rc2+ 25. Ke3 Rxe2+ 26. Kxe2
Bxd1+ 0-1

[Event "France - Open A"]
[Site "Chartres"]
[Date "2019.08.24"]
[Round "8.18"]
[White "Baroyan, Davit"]
[Black "Ribiere, Damien"]
[Result "0-1"]
[WhiteElo "2094"]
[BlackElo "2042"]
[PlyCount "58"]
[EventDate "2019.08.??"]
[EventType "swiss"]
[EventRounds "9"]
[EventCountry "FRA"]
[WhiteTeam "Marseille-Echecs"]
[BlackTeam "Club d'Echecs de Guyancourt"]

1. f4 Nf6 2. Nf3 g6 3. Nc3 Bg7 4. b3 d6 5. Bb2 O-O 6. e3 b6 7. Be2 Bb7 8. O-O
Nbd7 9. Qe1 e5 10. fxe5 Nxe5 11. a4 a6 12. Nxe5 dxe5 13. Bc4 Ne4 14. Nxe4 Bxe4
15. d3 Bd5 16. e4 Bxc4 17. bxc4 Qd7 18. Rf3 f5 19. exf5 Rxf5 20. Re3 Raf8 21.
a5 Qf7 22. h3 Qf6 23. Re4 bxa5 24. Qxa5 Rf2 25. Qd5+ Kh8 26. Ree1 Qb6 27. Bxe5
Rf1+ 28. Kh2 Qg1+ 29. Kg3 Rxe1 0-1

[Event "France - Open A"]
[Site "Chartres"]
[Date "2019.08.24"]
[Round "8.19"]
[White "Kieffer, Anatole"]
[Black "Boulos, Carlos"]
[Result "1-0"]
[WhiteElo "1973"]
[BlackElo "2078"]
[PlyCount "99"]
[EventDate "2019.08.??"]
[EventType "swiss"]
[EventRounds "9"]
[EventCountry "FRA"]
[WhiteTeam "Evry Grand Roque"]
[BlackTeam "J.E.E.N."]

1. e4 e5 2. Nf3 Nc6 3. Bc4 Bc5 4. c3 Nf6 5. d3 d6 6. O-O O-O 7. Nbd2 a6 8. Bb3
Ba7 9. h3 Ne7 10. Re1 Ng6 11. Nf1 Nh5 12. Be3 Nhf4 13. Ng3 Qf6 14. d4 h6 15.
Bc2 c5 16. Nf5 Rd8 17. Qd2 cxd4 18. cxd4 Ne6 19. Rad1 b6 20. Qb4 a5 21. Qa3 b5
22. Qxa5 exd4 23. N3xd4 Nxd4 24. Nxd4 Bxd4 25. Qxa8 Be5 26. Qa5 Kh7 27. Qd2 Kh8
28. Rf1 Nf4 29. Bxf4 Bxf4 30. Qd3 Qxb2 31. g3 Bg5 32. h4 Be7 33. a3 Be6 34. Rb1
Qa2 35. Bb3 Qxa3 36. Qxb5 Bh3 37. Rfd1 Qa7 38. Bd5 Qa3 39. Rd3 Qa7 40. Qb7 Qxb7
41. Rxb7 Bf6 42. Bxf7 Ra8 43. Bg6 Be6 44. Rxd6 Bc4 45. Rdb6 Be5 46. Kg2 Kg8 47.
f4 Ra2+ 48. Kh3 Bf1+ 49. Kg4 Be2+ 50. Kf5 1-0

[Event "France - Open A"]
[Site "Chartres"]
[Date "2019.08.24"]
[Round "8.20"]
[White "Valentin, Rene"]
[Black "Bleuzen, Erwan"]
[Result "1/2-1/2"]
[WhiteElo "2076"]
[BlackElo "2013"]
[PlyCount "70"]
[EventDate "2019.08.??"]
[EventType "swiss"]
[EventRounds "9"]
[EventCountry "FRA"]
[WhiteTeam "C'Chartres Echecs"]
[BlackTeam "Echiquier Gouesnousien"]

1. c4 e5 2. e3 Nf6 3. d4 exd4 4. exd4 Bb4+ 5. Bd2 Bxd2+ 6. Qxd2 d5 7. Nc3 O-O
8. Bd3 Bg4 9. f3 Bh5 10. Nge2 Nc6 11. cxd5 Nxd5 12. Nxd5 Qxd5 13. Be4 Qd6 14.
Bxc6 Qxc6 15. Rc1 Qd7 16. Kf2 f6 17. Rhd1 c6 18. d5 cxd5 19. Qxd5+ Qxd5 20.
Rxd5 Bf7 21. Rd7 Bxa2 22. Rcc7 Rf7 23. Rxb7 Rxd7 24. Rxd7 a5 25. Nc3 Rb8 26.
Rd2 Be6 27. Ke3 Kf7 28. Ne4 Ke7 29. Kd4 Rb4+ 30. Kc5 h5 31. Nc3 h4 32. g3 hxg3
33. hxg3 Kf7 34. Kd6 Rb6+ 35. Kc5 Rb4 1/2-1/2

[Event "France - Open A"]
[Site "Chartres"]
[Date "2019.08.24"]
[Round "8.21"]
[White "Saya, Ethan"]
[Black "Humeau, Mickael"]
[Result "1-0"]
[WhiteElo "2068"]
[BlackElo "1993"]
[PlyCount "131"]
[EventDate "2019.08.??"]
[EventType "swiss"]
[EventRounds "9"]
[EventCountry "FRA"]
[WhiteTeam "Echiquier Grenoblois"]
[BlackTeam "L'Echiquier Angevin"]

1. e4 b6 2. d4 Bb7 3. Nc3 g6 4. f4 Bg7 5. Nf3 e6 6. Bd3 Ne7 7. O-O f5 8. Qe2
O-O 9. e5 a6 10. Be3 Qc8 11. Qf2 Nbc6 12. a3 Nd8 13. Rad1 h6 14. Bc4 d5 15.
exd6 cxd6 16. Bb3 Nd5 17. Ne2 b5 18. h4 Nf6 19. Ng3 Bxf3 20. Qxf3 d5 21. h5
gxh5 22. Nxh5 Nxh5 23. Qxh5 Nb7 24. g4 Qe8 25. Qxe8 Rfxe8 26. gxf5 Na5 27. Ba2
Nc4 28. Bxc4 bxc4 29. fxe6 Rxe6 30. Kf2 Rae8 31. Rfe1 Kf7 32. b4 Bf6 33. Kf3
Kg6 34. c3 Bh4 35. Re2 Bd8 36. Rh1 Kg7 37. Rh5 Rd6 38. Rg2+ Kh7 39. Re5 Rf8 40.
Rh2 Bf6 41. Reh5 Bg7 42. Rg2 a5 43. Rhh2 axb4 44. axb4 Ra8 45. Ra2 Rda6 46.
Rxa6 Rxa6 47. Rh5 Rd6 48. Kg4 Re6 49. Kf3 Rd6 50. Bc1 Kg6 51. Kg4 Kf7 52. f5
Ra6 53. f6 Kxf6 54. Rxd5 Ra1 55. Bf4 Ra3 56. Be5+ Ke6 57. Ra5 Rxc3 58. Bxg7 Rb3
59. d5+ Kf7 60. Bxh6 Rxb4 61. Kf5 c3 62. Rc5 Rh4 63. Bg5 Rh3 64. Rc7+ Ke8 65.
Ke6 Rg3 66. Rc8# 1-0

[Event "France - Open A"]
[Site "Chartres"]
[Date "2019.08.24"]
[Round "8.22"]
[White "Bergougnoux, Axel"]
[Black "Robert, Yoann"]
[Result "1/2-1/2"]
[WhiteElo "2064"]
[BlackElo "1966"]
[PlyCount "109"]
[EventDate "2019.08.??"]
[EventType "swiss"]
[EventRounds "9"]
[EventCountry "FRA"]
[WhiteTeam "Cannes Echecs"]
[BlackTeam "Club d'Echecs de Sautron"]

1. e4 c5 2. Nf3 Nf6 3. Nc3 Nc6 4. d4 cxd4 5. Nxd4 e5 6. Ndb5 h6 7. Nd5 Nxd5 8.
exd5 a6 9. dxc6 axb5 10. cxd7+ Bxd7 11. Bd3 Bc5 12. O-O O-O 13. Qe2 Qb6 14. Qe4
f5 15. Qd5+ Rf7 16. Qxe5 Re8 17. Qg3 Rf6 18. Bf4 Rg6 19. Qh3 Rg4 20. Bg3 Qc6
21. a4 bxa4 22. Rad1 Be6 23. Be2 Rd4 24. Bf3 Qb6 25. Rde1 f4 26. Qh5 Rf8 27.
Bh4 Bf7 28. Qg4 Qg6 29. Be7 Bxe7 30. Rxe7 Qxg4 31. Bxg4 Rb4 32. Rb1 Bg6 33. Rc7
Rf6 34. b3 Rfb6 35. Bf3 Be4 36. Be2 Rc6 37. Rxc6 bxc6 38. Bc4+ Bd5 39. Bxd5+
cxd5 40. Kf1 Kf7 41. Ke2 Ke6 42. Kd3 Kd6 43. Kc3 Rb7 44. Ra1 axb3 45. cxb3 Ke5
46. Re1+ Kd6 47. b4 Rc7+ 48. Kd3 Rc4 49. Rb1 Kc6 50. b5+ Kb6 51. h4 Rc5 52. Kd4
Rc2 53. Rf1 Rd2+ 54. Kc3 Re2 55. Kd4 1/2-1/2

[Event "France - Open A"]
[Site "Chartres"]
[Date "2019.08.24"]
[Round "8.23"]
[White "De Lussac, Rainier"]
[Black "Emmenecker, Philippe"]
[Result "0-1"]
[WhiteElo "2164"]
[BlackElo "2098"]
[PlyCount "68"]
[EventDate "2019.08.??"]
[EventType "swiss"]
[EventRounds "9"]
[EventCountry "FRA"]
[WhiteTeam "Cercle d'Echecs de Nantes"]
[BlackTeam "Issy-Les-Moulineaux"]

1. d4 Nf6 2. c4 g6 3. Nc3 Bg7 4. e4 d6 5. Nge2 O-O 6. Ng3 Bg4 7. f3 Bd7 8. Be2
a6 9. O-O c5 10. dxc5 dxc5 11. Be3 Nc6 12. Bxc5 h5 13. Nd5 Nxd5 14. cxd5 Ne5
15. Re1 Rc8 16. Bd4 Qc7 17. Nf1 b5 18. Ne3 Bh6 19. Bf1 h4 20. b3 Bf4 21. h3 Qd6
22. a4 Qf6 23. axb5 Qg5 24. Ng4 Bxg4 25. hxg4 axb5 26. Qe2 b4 27. Ra4 Rc7 28.
Be3 Rc3 29. Bxf4 Qxf4 30. Qf2 Rxb3 31. Raa1 Rc3 32. Rab1 b3 33. Red1 Rc2 34.
Qxh4 Qe3+ 0-1

[Event "France - Open A"]
[Site "Chartres"]
[Date "2019.08.24"]
[Round "8.24"]
[White "Denninger, Guilhem"]
[Black "Maleki, Nicolas"]
[Result "0-1"]
[WhiteElo "2072"]
[BlackElo "2118"]
[PlyCount "124"]
[EventDate "2019.08.??"]
[EventType "swiss"]
[EventRounds "9"]
[EventCountry "FRA"]
[WhiteTeam "Echecs Club Montpellier"]
[BlackTeam "Echiquier Tourangeau"]

1. c4 c6 2. d4 d5 3. Nf3 Nf6 4. g3 Bg4 5. Bg2 e6 6. O-O Nbd7 7. Nc3 Be7 8. Qc2
O-O 9. Bf4 Rc8 10. Nd2 Re8 11. e4 dxe4 12. Ndxe4 Nxe4 13. Nxe4 Nf6 14. Be3 Qa5
15. Nc5 Bxc5 16. dxc5 Rcd8 17. a3 Bf5 18. Qb3 Qc7 19. Rfd1 Ng4 20. h3 Nxe3 21.
Qxe3 Rd7 22. Qb3 Red8 23. Rxd7 Qxd7 24. h4 e5 25. Bf3 Qe7 26. Rd1 Rd4 27. Bg2
h6 28. Re1 Qxc5 29. Qxb7 Rd2 30. Re3 e4 31. Qb8+ Kh7 32. Qb3 Rd4 33. Bf1 Bg4
34. Qc2 f5 35. b4 Qd6 36. Re1 Bf3 37. c5 Qd5 38. b5 Rd2 39. Qc3 Qa2 40. Qe3
cxb5 41. Bxb5 Qd5 42. Bc4 Qd8 43. Be6 Rd3 44. Qc1 g6 45. c6 Qc7 46. Qc5 e3 47.
Qf8 Rd8 48. Qf7+ Qxf7 49. Bxf7 exf2+ 50. Kxf2 Bxc6 51. Re6 Be4 52. Bxg6+ Kg7
53. h5 Rd2+ 54. Ke1 Rg2 55. Re7+ Kf6 56. Rxa7 Rxg3 57. a4 Rg2 58. Be8 Ke5 59.
Bg6 Kf4 60. Rf7 Ra2 61. Rd7 Ke3 62. Rd6 Rh2 0-1

[Event "France - Open A"]
[Site "Chartres"]
[Date "2019.08.24"]
[Round "8.25"]
[White "Gollain, Marc"]
[Black "Berger Dit Lacroix, Kilian"]
[Result "1/2-1/2"]
[WhiteElo "2115"]
[BlackElo "1967"]
[PlyCount "141"]
[EventDate "2019.08.??"]
[EventType "swiss"]
[EventRounds "9"]
[EventCountry "FRA"]
[WhiteTeam "Malakoff et Mat"]
[BlackTeam "Echecs Club de Corbas"]

1. c4 Nf6 2. g3 g6 3. Bg2 Bg7 4. Nc3 O-O 5. Nf3 d6 6. d4 Nc6 7. O-O e5 8. dxe5
Nxe5 9. Nxe5 dxe5 10. Bg5 Be6 11. Qxd8 Raxd8 12. Nd5 Bxd5 13. cxd5 h6 14. Bxf6
Bxf6 15. Rac1 Rd7 16. e4 Bd8 17. Rc4 Rd6 18. Rb4 Rb6 19. Rxb6 axb6 20. Rc1 Kg7
21. f3 h5 22. Kf1 h4 23. Bh3 f5 24. Kg2 hxg3 25. hxg3 Kf6 26. Rc4 Rh8 27. Rc2
Rh7 28. Kh2 Rh8 29. Rc4 Re8 30. Bf1 Rh8+ 31. Kg2 Rf8 32. Bd3 Rh8 33. Rc3 Rg8
34. Bb5 Rf8 35. Bd7 f4 36. Bc8 Kg5 37. Bxb7 Rh8 38. Rc1 Rh7 39. Bc8 Kf6 40. a4
Rh8 41. Bh3 Kg5 42. Rc6 Rf8 43. Rc4 Kh5 44. Bg4+ Kg5 45. Bc8 fxg3 46. Kxg3 Rh8
47. Bh3 Kh5 48. Rc6 Bh4+ 49. Kg2 Ra8 50. b3 b5 51. axb5 Ra2+ 52. Kg1 Bg5 53.
Ra6 Rb2 54. Ra1 Kh4 55. Bg2 Kg3 56. Bh1 Rh2 57. Ra6 Be3+ 58. Kf1 Rxh1+ 59. Ke2
Bb6 60. d6 g5 61. dxc7 Bxc7 62. Rc6 Rh7 63. b6 Bb8 64. Rc8 Rb7 65. Rc6 Rd7 66.
Rg6 Kf4 67. Rf6+ Kg3 68. Rg6 Kh4 69. Rh6+ Kg3 70. Rg6 Kf4 71. Rf6+ 1/2-1/2

[Event "France - Open A"]
[Site "Chartres"]
[Date "2019.08.24"]
[Round "8.26"]
[White "Juran, Baptiste"]
[Black "Trouve, Guillaume"]
[Result "0-1"]
[WhiteElo "2038"]
[BlackElo "2114"]
[PlyCount "70"]
[EventDate "2019.08.??"]
[EventType "swiss"]
[EventRounds "9"]
[EventCountry "FRA"]
[WhiteTeam "Cercle d'Echecs de Villepinte"]
[BlackTeam "Mulhouse Philidor"]

1. e4 c5 2. Nc3 e6 3. g3 d5 4. exd5 exd5 5. d3 Be6 6. Bg2 Nc6 7. Nge2 Be7 8.
Nf4 Qd7 9. Ncxd5 O-O-O 10. Nxe7+ Ngxe7 11. O-O Bg4 12. f3 Bf5 13. Be3 b6 14.
Qe1 h5 15. Qf2 f6 16. Ne2 Nd5 17. Bd2 g5 18. Nc3 Ndb4 19. Be3 h4 20. f4 hxg3
21. hxg3 Qh7 22. Bf3 g4 23. Bxc6 Nxc6 24. Qg2 Bd7 25. Rae1 Nb8 26. f5 Bc6 27.
Ne4 c4 28. Rd1 Qb7 29. Bf4 Na6 30. b4 Nxb4 31. Kf2 cxd3 32. cxd3 Nxd3+ 33. Rxd3
Rxd3 34. Rc1 Kd8 35. Qf1 Rf3+ 0-1

[Event "France - Open A"]
[Site "Chartres"]
[Date "2019.08.24"]
[Round "8.27"]
[White "Derouineau, Jacques"]
[Black "Serralta, Michel"]
[Result "0-1"]
[WhiteElo "2037"]
[BlackElo "2103"]
[Annotator "Alain"]
[PlyCount "70"]
[EventDate "2019.08.??"]
[EventType "swiss"]
[EventRounds "9"]
[EventCountry "FRA"]
[WhiteTeam "C'Chartres Echecs"]
[BlackTeam "USAM Echiquier Brestois"]

1. e4 c5 2. Nc3 Nc6 3. g3 g6 4. Bg2 Bg7 5. d3 d6 6. f4 e5 7. Nf3 Nge7 8. O-O
Nd4 9. h3 h6 10. Ne2 Be6 11. c3 Nxe2+ 12. Qxe2 Qc7 13. Kh2 O-O 14. Be3 exf4 15.
Bxf4 Rac8 16. Qd2 g5 17. Be3 d5 18. exd5 Bxd5 19. Qf2 b6 20. a3 f5 21. Bd2 Ng6
22. Ne1 Be6 23. Rd1 Be5 24. Nf3 Bd6 25. Rde1 Rce8 26. Bxg5 hxg5 27. Nxg5 f4 28.
Qe2 fxg3+ 29. Kg1 Rxf1+ 30. Rxf1 Kg7 31. Qh5 Rh8 32. Qe2 Bf5 33. Qd2 Rh4 34.
Be4 Bf4 35. Rxf4 Rxf4 0-1

[Event "France - Open A"]
[Site "Chartres"]
[Date "2019.08.24"]
[Round "8.28"]
[White "Peltrault, Frederic"]
[Black "Veron, Cyprien"]
[Result "1/2-1/2"]
[WhiteElo "2101"]
[BlackElo "2012"]
[PlyCount "86"]
[EventDate "2019.08.??"]
[EventType "swiss"]
[EventRounds "9"]
[EventCountry "FRA"]
[WhiteTeam "La tour de Juvisy"]
[BlackTeam "Saint Hilaire Petitville"]

1. b3 Nf6 2. Bb2 g6 3. Nf3 Bg7 4. g3 O-O 5. Bg2 d6 6. d4 Nbd7 7. O-O e5 8. dxe5
Ng4 9. c4 Ndxe5 10. Nxe5 Nxe5 11. Nc3 Rb8 12. Qd2 Bg4 13. h3 Bf5 14. f4 Nc6 15.
e4 Bc8 16. Nd5 Bxb2 17. Qxb2 f6 18. Rac1 Be6 19. Rfd1 Rf7 20. c5 dxc5 21. Rxc5
Bxd5 22. Rcxd5 Qf8 23. Kh2 Re8 24. Rd7 Rxd7 25. Rxd7 Re7 26. Rd1 Re8 27. Rd7
Re7 28. Rd1 Re8 29. Qe2 Qc5 30. Qb2 Qe7 31. Qc3 Rd8 32. Qc4+ Kg7 33. Rd5 Rxd5
34. Qxd5 Qd6 35. Qxd6 cxd6 36. Bf1 Nb4 37. a3 Nc2 38. a4 a5 39. Kg1 g5 40. Kf2
Kf8 41. h4 h6 42. Bd3 Nb4 43. Bc4 Kg7 1/2-1/2

[Event "France - Open A"]
[Site "Chartres"]
[Date "2019.08.24"]
[Round "8.29"]
[White "Schweitzer, Olaf"]
[Black "Adrian, Leopold"]
[Result "1-0"]
[WhiteElo "2065"]
[BlackElo "1990"]
[PlyCount "76"]
[EventDate "2019.08.??"]
[EventType "swiss"]
[EventRounds "9"]
[EventCountry "FRA"]
[WhiteTeam "Championnat de France 2019"]
[BlackTeam "Vandoeuvre-Echecs"]

1. e4 e6 2. d4 d5 3. Nc3 Bb4 4. Nge2 Nc6 5. a3 Ba5 6. b4 Bb6 7. e5 Nge7 8. Bg5
O-O 9. f4 Qe8 10. Na4 Nf5 11. Nxb6 axb6 12. g4 Ne3 13. Qd2 Nxb4 14. Rc1 Nexc2+
15. Rxc2 Nxc2+ 16. Qxc2 f6 17. exf6 gxf6 18. Bh6 Rf7 19. g5 fxg5 20. Rg1 Rxa3
21. Rxg5+ Kh8 22. Nc3 Ra1+ 23. Nd1 Qa4 24. Qxa4 Rxa4 25. Bb5 Rxd4 26. Be8 Re7
27. Bh5 Rxf4 28. Ne3 e5 29. Nxd5 Re4+ 30. Kf2 Rd7 31. Rf5 Rd8 32. Rf7 Rf4+ 33.
Bxf4 exf4 34. Nf6 Bf5 35. Rxc7 Rf8 36. Nd5 Rd8 37. Bf3 Be6 38. Nxf4 Bc4 1-0

[Event "France - Open A"]
[Site "Chartres"]
[Date "2019.08.24"]
[Round "8.30"]
[White "Henno, Francois"]
[Black "Van Den Brande, Norman"]
[Result "1-0"]
[WhiteElo "2077"]
[BlackElo "1994"]
[PlyCount "65"]
[EventDate "2019.08.??"]
[EventType "swiss"]
[EventRounds "9"]
[EventCountry "FRA"]
[WhiteTeam "Cercle d'Echecs de Nantes"]
[BlackTeam "Maison des Echecs Toulouse Lardenne"]

1. e4 c5 2. c3 Nf6 3. e5 Nd5 4. d4 cxd4 5. Nf3 e6 6. cxd4 d6 7. Nc3 Nxc3 8.
bxc3 Qc7 9. Bd2 Be7 10. Bd3 dxe5 11. Nxe5 Nc6 12. f4 g6 13. O-O O-O 14. Qg4 Bf6
15. Rf3 Bh8 16. Rh3 Nxe5 17. fxe5 f5 18. Qe2 Bd7 19. Bc4 Rac8 20. Bb3 a5 21. a4
Qb6 22. Bc2 Qb2 23. Rc1 b5 24. Bh6 Bg7 25. Rb1 Qa3 26. Bxg7 Kxg7 27. Qd2 Kg8
28. axb5 Rb8 29. c4 Qa2 30. Rhb3 Rfc8 31. c5 Be8 32. Qc3 Rc7 33. Ra1 1-0

[Event "France - Open A"]
[Site "Chartres"]
[Date "2019.08.24"]
[Round "8.31"]
[White "Steibel, Julien"]
[Black "Poulet, Benoit"]
[Result "1-0"]
[WhiteElo "1993"]
[BlackElo "2048"]
[PlyCount "47"]
[EventDate "2019.08.??"]
[EventType "swiss"]
[EventRounds "9"]
[EventCountry "FRA"]
[WhiteTeam "Bischwiller"]
[BlackTeam "Echiquier des Lions - Lyon Oullins"]

1. e4 c5 2. Nf3 Nc6 3. Nc3 g6 4. d4 cxd4 5. Nxd4 Bg7 6. Be3 Nf6 7. Be2 O-O 8.
Nb3 d6 9. O-O a6 10. f4 Qc7 11. a4 b6 12. Bf3 Rb8 13. Qe2 Na5 14. Nxa5 bxa5 15.
Rab1 Be6 16. Rfd1 Rb4 17. Qd2 Rfb8 18. b3 Ng4 19. Nd5 Bxd5 20. exd5 Nxe3 21.
Qxe3 Qxc2 22. Qxe7 Rxb3 23. Rbc1 Bd4+ 24. Kh1 1-0

[Event "France - Open A"]
[Site "Chartres"]
[Date "2019.08.24"]
[Round "8.32"]
[White "Jaulin, Marc"]
[Black "Destic, Pablo"]
[Result "0-1"]
[WhiteElo "2038"]
[BlackElo "1989"]
[PlyCount "80"]
[EventDate "2019.08.??"]
[EventType "swiss"]
[EventRounds "9"]
[EventCountry "FRA"]
[WhiteTeam "Echiquier de Franconville"]
[BlackTeam "l'Echiquier Toulousain"]

1. e4 e5 2. Nf3 Nc6 3. Bc4 Bc5 4. c3 Nf6 5. d3 d6 6. Bb3 Bb6 7. Nbd2 Be6 8. Nc4
Bxc4 9. Bxc4 Ne7 10. a4 c6 11. O-O O-O 12. Bg5 Ng6 13. d4 h6 14. dxe5 hxg5 15.
exf6 Qxf6 16. a5 Bc7 17. g3 Rad8 18. Kg2 g4 19. Nd2 Ne5 20. Be2 d5 21. f4 gxf3+
22. Bxf3 d4 23. c4 c5 24. Qe1 Qg5 25. Ra3 Rfe8 26. Bd1 Qh6 27. Qf2 Re6 28. Qf4
g5 29. Qf5 Kg7 30. Nf3 Nxc4 31. Qxc5 Rc6 32. Qxg5+ Qxg5 33. Nxg5 Ne3+ 34. Rxe3
dxe3 35. Bb3 Rd2+ 36. Kh3 Rh6+ 37. Kg4 Rf2 38. Rxf2 exf2 39. Bc4 Rxh2 40. Kf3
Bd8 0-1

[Event "France - Open A"]
[Site "Chartres"]
[Date "2019.08.24"]
[Round "8.33"]
[White "Leccia, Antoine"]
[Black "Corgeron, Jean-Luc"]
[Result "1/2-1/2"]
[WhiteElo "1969"]
[BlackElo "2036"]
[PlyCount "63"]
[EventDate "2019.08.??"]
[EventType "swiss"]
[EventRounds "9"]
[EventCountry "FRA"]
[WhiteTeam "Corsica Chess Club"]
[BlackTeam "Club Avenir St Georges Section Echecs "]

1. d4 g6 2. Nf3 Bg7 3. g3 Nf6 4. Bg2 d6 5. O-O O-O 6. a4 a5 7. Nc3 Na6 8. e4 c5
9. h3 cxd4 10. Nxd4 Nc5 11. Re1 Nfd7 12. Bg5 h6 13. Be3 Ne5 14. b3 Bd7 15. f4
Nc6 16. Nxc6 Bxc6 17. Bd4 e5 18. fxe5 Ne6 19. Bf2 Bxe5 20. Qd3 Qf6 21. Re3 Nc5
22. Qc4 Rac8 23. Rf1 Qg7 24. Nd5 Bxd5 25. Qxd5 Rc7 26. Re2 Kh7 27. Rd2 f5 28.
Bd4 fxe4 29. Rxf8 Bxd4+ 30. Qxd4 Qxf8 31. Bxe4 Nxe4 32. Qxe4 1/2-1/2